[Event "LSS RA-2010-0-00107"]
[Site "LSS email"]
[Date "2010.10.14"]
[Round "?"]
[White "Kroes, Friso"]
[Black "Slamenik, Jan"]
[Result "1-0"]
[WhiteElo "2049"]
[BlackElo "800"]
[PlyCount "29"]
[EventDate "2010.09.11"]
[EventType "tourn (corr)"]
[EventRounds "6"]
[EventCountry "GER"]
[SourceTitle "Corr 2015"]
[Source "ChessBase"]
[SourceDate "2015.07.17"]
[SourceVersion "1"]
[SourceVersionDate "2015.07.17"]
[SourceQuality "1"]

1. e4 e5 2. Nf3 Nc6 3. c3 d5 4. Qa4 f6 5. d3 Be6 6. Be2 Kf7 7. 0-0 Nge7 8. Nbd2 Qd7 9. Qc2 a5 10. Rd1 d4 11. Nb3 b6 12. a4 g5 13. Bd2 Bg7 14. Re1 Rhe8 15. h3 1-0

[Event "LSS RA-2010-0-00107"]
[Site "LSS email"]
[Date "2010.10.14"]
[Round "?"]
[White "Kukula, Pawel"]
[Black "Slamenik, Jan"]
[Result "1-0"]
[WhiteElo "2119"]
[BlackElo "800"]
[PlyCount "27"]
[EventDate "2010.09.11"]
[EventType "tourn (corr)"]
[EventRounds "6"]
[EventCountry "GER"]
[SourceTitle "Corr 2015"]
[Source "ChessBase"]
[SourceDate "2015.07.17"]
[SourceVersion "1"]
[SourceVersionDate "2015.07.17"]
[SourceQuality "1"]

1. d4 Nf6 2. c4 e6 3. g3 d5 4. Nf3 Be7 5. Bg2 0-0 6. 0-0 dxc4 7. Qc2 a6 8. Qxc4 b5 9. Qc2 Bb7 10. Bd2 Be4 11. Qc1 Bb7 12. Bf4 Bd6 13. Nbd2 Bxf4 14. gxf4 1-0

[Event "LSS RA-2010-0-00106"]
[Site "LSS email"]
[Date "2010.10.06"]
[Round "?"]
[White "Slamenik, Jan"]
[Black "Jonsson, Dadi Oern"]
[Result "0-1"]
[WhiteElo "1923"]
[BlackElo "2193"]
[PlyCount "108"]
[EventDate "2010.08.27"]
[EventType "tourn (corr)"]
[EventRounds "6"]
[EventCountry "GER"]
[SourceTitle "Telechess CBM 143"]
[Source "ChessBase"]
[SourceDate "2011.07.15"]
[SourceVersion "1"]
[SourceVersionDate "2011.07.15"]
[SourceQuality "1"]

1. e4 c5 2. Nf3 d6 3. d4 cxd4 4. Nxd4 Nf6 5. Nc3 a6 6. Be3 e5 7. Nb3 Be6 8. f3 Nbd7 9. Qd2 h5 10. 0-0-0 Be7 11. Kb1 Qc7 12. Bd3 b5 13. h3 0-0 14. g4 b4 15. Ne2 a5 16. g5 Nh7 17. f4 a4 18. Nbc1 a3 19. b3 exf4 20. Bxf4 Ne5 21. h4 Bg4 22. Rdf1 Rfd8 23. Nd4 Nf8 24. Be2 Bxe2 25. Ncxe2 d5 26. Bxe5 Qxe5 27. Rf5 Qxe4 28. Rhf1 Bc5 29. R5f4 Qe8 30. Rxf7 Ng6 31. Rb7 Qe4 32. Rff7 Be7 33. Ng3 Qg4 34. Rbxe7 Nxe7 35. Rxe7 Qxg3 36. Nf5 Qg1+ 37. Re1 Qg4 38. Ne7+ Kh8 39. Ng6+ Kh7 40. Qd3 Re8 41. Ne7+ Kh8 42. Kc1 Rad8 43. Re3 Qg1+ 44. Kd2 Qf2+ 45. Kd1 Qf7 46. Qe2 g6 47. Re6 Kg7 48. Qe5+ Kh7 49. Qf6 Qxf6 50. gxf6 d4 51. f7 Rf8 52. Nc6 Rc8 53. Ne5 Rc3 54. Re8 Kg7 0-1

[Event "LSS RA-2010-0-00106"]
[Site "LSS email"]
[Date "2010.10.06"]
[Round "?"]
[White "Slamenik, Jan"]
[Black "Kolanek, Roman"]
[Result "0-1"]
[WhiteElo "2054"]
[BlackElo "2042"]
[PlyCount "40"]
[EventDate "2010.08.27"]
[EventType "tourn (corr)"]
[EventRounds "6"]
[EventCountry "GER"]
[SourceTitle "Telechess CBM 143"]
[Source "ChessBase"]
[SourceDate "2011.07.15"]
[SourceVersion "1"]
[SourceVersionDate "2011.07.15"]
[SourceQuality "1"]

1. e4 e5 2. Nf3 Nc6 3. Bb5 a6 4. Ba4 Nf6 5. 0-0 Be7 6. Re1 b5 7. Bb3 d6 8. c3 0-0 9. h3 Na5 10. Bc2 d5 11. exd5 e4 12. Bxe4 Nxe4 13. Rxe4 Bb7 14. d4 Bxd5 15. Re1 Bd6 16. Nbd2 Re8 17. Rxe8+ Qxe8 18. Nf1 Nc4 19. b3 Nb6 20. Ne3 Bb7 0-1

[Event "LSS RA-2010-0-00106"]
[Site "LSS email"]
[Date "2010.10.06"]
[Round "?"]
[White "Slamenik, Jan"]
[Black "Korchut, Adam"]
[Result "0-1"]
[WhiteElo "1949"]
[BlackElo "2027"]
[PlyCount "48"]
[EventDate "2010.08.27"]
[EventType "tourn (corr)"]
[EventRounds "6"]
[EventCountry "GER"]
[SourceTitle "Telechess CBM 143"]
[Source "ChessBase"]
[SourceDate "2011.07.15"]
[SourceVersion "1"]
[SourceVersionDate "2011.07.15"]
[SourceQuality "1"]

1. e4 e5 2. Nf3 Nc6 3. Bb5 a6 4. Ba4 Nf6 5. 0-0 Be7 6. Re1 b5 7. Bb3 d6 8. c3 0-0 9. h3 Nb8 10. d4 Nbd7 11. Nbd2 Bb7 12. Bc2 Re8 13. Nf1 Bf8 14. Ng3 g6 15. a4 Bg7 16. Bd3 c6 17. Be3 d5 18. dxe5 Nxe4 19. Nxe4 dxe4 20. Bxe4 Nxe5 21. Nxe5 Bxe5 22. Qxd8 Raxd8 23. Bf3 Bf6 24. axb5 axb5 0-1

[Event "CP-2010-P-00071"]
[Site "LSS email"]
[Date "2010.09.28"]
[Round "?"]
[White "Franks, Keith"]
[Black "Slamenik, Jan"]
[Result "1-0"]
[WhiteElo "1913"]
[BlackElo "1901"]
[PlyCount "37"]
[EventDate "2010.10.01"]
[EventType "tourn (corr)"]
[EventRounds "6"]
[EventCountry "GER"]
[SourceTitle "Telechess CBM 143"]
[Source "ChessBase"]
[SourceDate "2011.07.15"]
[SourceVersion "1"]
[SourceVersionDate "2011.07.15"]
[SourceQuality "1"]

1. e4 e5 2. Nf3 Nc6 3. Bb5 a6 4. Ba4 Nf6 5. 0-0 Be7 6. Re1 b5 7. Bb3 0-0 8. c3 d6 9. h3 Bb7 10. d4 Re8 11. Nbd2 Na5 12. dxe5 Nxb3 13. Qxb3 Nd7 14. e6 fxe6 15. Qxe6+ Kh8 16. Nb3 Rb8 17. Re2 Bf8 18. Qf5 Nf6 19. Bg5 1-0

[Event "CP-2010-P-00071"]
[Site "LSS email"]
[Date "2010.09.28"]
[Round "?"]
[White "Slamenik, Jan"]
[Black "Ream, Scott"]
[Result "1-0"]
[WhiteElo "1923"]
[BlackElo "1500"]
[PlyCount "41"]
[EventDate "2010.10.01"]
[EventType "tourn (corr)"]
[EventRounds "6"]
[EventCountry "GER"]
[SourceTitle "Telechess CBM 143"]
[Source "ChessBase"]
[SourceDate "2011.07.15"]
[SourceVersion "1"]
[SourceVersionDate "2011.07.15"]
[SourceQuality "1"]

1. e4 e6 2. d4 d5 3. Nc3 Nf6 4. Bg5 Be7 5. e5 Nfd7 6. Bxe7 Qxe7 7. f4 c5 8. Nb5 0-0 9. Nc7 Nb6 10. Nxa8 Nxa8 11. Nf3 Nc7 12. c3 Nc6 13. Bd3 f5 14. exf6 Qxf6 15. 0-0 c4 16. Bc2 Nb5 17. Ne5 Ne7 18. Qg4 Nd6 19. Rae1 Nf7 20. Qe2 Nc6 21. Ng4 1-0

[Event "LSS RA-2010-0-00105"]
[Site "LSS email"]
[Date "2010.09.24"]
[Round "?"]
[White "Keevil, Paul"]
[Black "Slamenik, Jan"]
[Result "1-0"]
[WhiteElo "2079"]
[BlackElo "800"]
[PlyCount "33"]
[EventDate "2010.08.20"]
[EventType "tourn (corr)"]
[EventRounds "6"]
[EventCountry "GER"]
[SourceTitle "Corr 2015"]
[Source "ChessBase"]
[SourceDate "2015.07.17"]
[SourceVersion "1"]
[SourceVersionDate "2015.07.17"]
[SourceQuality "1"]

1. d4 Nf6 2. c4 e6 3. Nc3 Bb4 4. Nf3 b6 5. Bd2 Bb7 6. e3 0-0 7. Bd3 d5 8. cxd5 exd5 9. 0-0 Bd6 10. Qb1 h6 11. b4 Nbd7 12. Rc1 Qe7 13. Nb5 Ne4 14. Nxd6 Qxd6 15. Be1 Rac8 16. a4 a6 17. Ra2 1-0

[Event "LSS RA-2010-0-00103"]
[Site "LSS email"]
[Date "2010.09.12"]
[Round "?"]
[White "Slamenik, Jan"]
[Black "Luers, Charles J"]
[Result "0-1"]
[WhiteElo "2104"]
[BlackElo "1924"]
[PlyCount "76"]
[EventDate "2010.08.05"]
[EventType "tourn (corr)"]
[EventRounds "6"]
[EventCountry "GER"]
[SourceTitle "Telechess CBM 143"]
[Source "ChessBase"]
[SourceDate "2011.07.15"]
[SourceVersion "1"]
[SourceVersionDate "2011.07.15"]
[SourceQuality "1"]

1. e4 c5 2. Nf3 d6 3. d4 cxd4 4. Nxd4 Nf6 5. Nc3 a6 6. Be3 e5 7. Nb3 Be6 8. f3 h5 9. Qd2 Nbd7 10. a4 Be7 11. Be2 Nb6 12. 0-0 h4 13. h3 Rc8 14. a5 Nc4 15. Bxc4 Rxc4 16. Rfd1 0-0 17. Nc1 Qc7 18. Bb6 Qc8 19. Nd3 Nh5 20. Ra4 Ng3 21. Re1 Rxa4 22. Nxa4 f5 23. Nc3 fxe4 24. Nxe4 Nxe4 25. fxe4 Rf6 26. Nb4 Kh7 27. Nd5 Bxd5 28. exd5 Kg8 29. Bf2 Rf4 30. b3 g5 31. Be3 Rf7 32. Qd3 g4 33. Bh6 Qc5+ 34. Re3 Rf6 35. Bg5 Rf7 36. Bxe7 Rxe7 37. hxg4 Rg7 38. Kh2 Rxg4 0-1